000 00610nam a22001817a 4500
008 151119b xxu||||| |||| 00| 0 eng d
020 _a0071406123
041 0 _aeng
080 _a621.397
100 1 _aAvgerakis, George.
245 1 0 _aDesktop video studio bible /
_cGeorge Avgerakis.
246 1 _aProducing video, DVD, and websites for profit
_iSubtitle on cover:
260 _aNew York :
_bMcGraw-Hill,
_cc2003.
300 _axviii, 413 f. :
_bme ill. ;
_c24 cm.
650 0 _aVideo digjitale
_xPërpunimi i të dhënave
650 0 _aZërimi
_xInqizimi dhe riprodhimi
_xTeknikat digjitale
942 _2udc
_cBK
999 _c1365
_d1365